• 首页
  • 本馆介绍
  • 公告通知
  • 最新文献
  • 馆藏检索
  • 电子资源
  • 读者导购
  • 参考咨询
  • 我的图书馆
  • 登录
  • 详细信息显示
  • 放入我的书架
  • 预约/预借图书
  • 作者相关作品
  • 分类相关作品
  • 丛书相关作品
  • 出版社相关作品

书目信息

  • 表格格式
  • 工作单格式
  • 卡片格式
题名:
苏格拉底之道
    
 
作者: 格罗斯 著 ;徐弢 , 李思凡 译
分册:  
出版信息: 北京   北京大学出版社  2015
页数: 256页, [16] 页图版
开本: 24cm
丛书名:
单 册:
中图分类: B502.231
科图分类:
主题词:
电子资源:
ISBN: 978-7-301-26311-2
000 01257nam0 2200265 450
001 1769186199
005 20170404153054.01
010    @a978-7-301-26311-2@dCNY50.00
100    @a20151123d2015 em y0chiy50 ea
101 1  @achi@ceng
102    @aCN@b110000
105    @aaf z 000yy
106    @ar
200 1  @a苏格拉底之道@ASu Ge La Di Zhi Dao@e向史上最伟大的导师学习@d= Socrates' way@eseven master keys to using your mind to the utmost@f(美) 罗纳德·格罗斯著@g徐弢, 李思凡译@zeng
210    @a北京@c北京大学出版社@d2015
215    @a256页, [16] 页图版@c彩图@d24cm
330    @a本书作者结合苏格拉底的人生经历,通透灵动地介绍了掌握苏格拉底思想方法的七个关键:了解你自己,学会正确提问,独立思考,敢于反常规,与朋友切磋,讲真话,提升灵魂。此外,他还密切联系我们时代的文化、生活实际,探讨了如何在同学、同事和朋友间开展苏格拉底式的谈话,如何用苏格拉底的思想方法改进我们的生活、工作和教育。
500 10 @aSocrates' way : seven master keys to using your mind to the utmost@mChinese
600  0 @a苏格拉底,@ASu Ge La Di@f前469-前399@x哲学思想@x研究
690    @aB502.231@v5
701  1 @a格罗斯@AGe Luo Si@g(Gross, Ronald)@4著
702  0 @a徐弢@AXu Tao@4译
702  0 @a李思凡@ALi Si Fan@4译
801  0 @aCN@bNMU@c20151123
905    @aBZT@dB502.231@e2
    
    苏格拉底之道:向史上最伟大的导师学习= Socrates' way:seven master keys to using your mind to the utmost/(美) 罗纳德·格罗斯著/徐弢, 李思凡译.-北京:北京大学出版社,2015
    256页, [16] 页图版:彩图;24cm
    
    
    ISBN 978-7-301-26311-2:CNY50.00
    本书作者结合苏格拉底的人生经历,通透灵动地介绍了掌握苏格拉底思想方法的七个关键:了解你自己,学会正确提问,独立思考,敢于反常规,与朋友切磋,讲真话,提升灵魂。此外,他还密切联系我们时代的文化、生活实际,探讨了如何在同学、同事和朋友间开展苏格拉底式的谈话,如何用苏格拉底的思想方法改进我们的生活、工作和教育。
●
相关链接 在五车中查询图书 在当当中查询图书 在豆瓣中查询图书


正题名:苏格拉底之道     索取号:B502.231/2         预约/预借

序号 登录号 条形码 馆藏地/架位号 状态 备注
1 826649   2000826649   第二书库/ [索取号:B502.231/2] 在馆    
2 826650   2000826650   第二书库/ [索取号:B502.231/2] 在馆    
3 826651   2000826651   第二书库/ [索取号:B502.231/2] 在馆    
山东省滨州职业学院图书馆 欢迎您!
大连网信软件有限公司© 版权所有